Famous People from Erie by Picture - Statistics

General Stats
  • This quiz has been taken 5 times
  • The average score is 30 of 105
Answer Stats
Picture Hint Answer % Correct
Actress (1926-2014) Ann B. Davis
80%
Drag Queen (born 1985) Alaska Thunderfuck
60%
Fitness Personality & Actor (born 1955) Billy Blanks
60%
Bowler (born 1962) Bob Learn Jr.
60%
Wrestler (born 1960) Bruce Baumgartner
60%
Football Player (born 1943) Fred Biletnikoff
60%
Football Player (born 1995) James Conner
60%
Rock Musician (born 1969) Pat Monahan
60%
Army Officer (1837-1863) Strong Vincent
60%
Secretary of Homeland Security, Governor, & U.S. Representative (born 1945) Tom Ridge
60%
Football Player (born 1981) Bob Sanders
40%
Figure Skater (born 1967) Caryn Kadavy
40%
Actress (born 1952) Christine Estabrook
40%
Baseball Player (born 1997) Chris Vallimont
40%
Rock Drummer & Producer (born 1967) Chris Vrenna
40%
Navy Sailing Master (1776-1856) Daniel Dobbins
40%
Football Player (born 1976) Eric Hicks
40%
Composer & Singer (1866-1949) Harry Burleigh
40%
Magician (1849-1922) Harry Kellar
40%
Investigator (born 1956) Harry Markopolos
40%
U.S. Representative (1850-1944) Henry Alden Clark
40%
Comedian & Cornet Player (1908-1994) Ian Kabibble
40%
Muckracker (1857-1944) Ida Tarbell
40%
Mayor & Banker (born 1950) Joe Schember
40%
FBI Special Agent (born 1939) Joseph D. Pistone
40%
Football Player & Coach (born 1983) Jovon Johnson
40%
Actress (born 1929) Julianna McCarthy
40%
U.S. Representative (born 1957) Kathy Dahlkemper
40%
Actor (born 1972) Marc Blucas
40%
Children's Author (born 1946) Marc Brown
40%
Actress (1949-2014) Marilyn Burns
40%
Football Player (born 1967) Mark Stepnoski
40%
Actor (born 1983) Nick Adams
40%
U.S. Representative (born 1956) Phil English
40%
Mobster (1929-2004) Ray Ferritto
40%
Baseball Player (1917-2001) Sam Jethroe
40%
Broadcast Journalist (born 1960) Steve Scully
40%
Soccer Player (born 1991) Andrew Lubahn
20%
Rabbi (born 1959) Arik Ascherman
20%
Football Player & Wrestler (born 1937) Art Baker
20%
Football Player (born 1968) Arthur Jimerson
20%
Football Player (1930-2011) Bernie Flowers
20%
Novelist (1874-1957) Bettina Riddle von Hutten
20%
Football Coach & Player (born 1995) Billy Fessler
20%
Actor (born 1995) Blake Roman
20%
Baseball Player (1942-2020) Bob 'Shorty' Raudman
20%
Football Player (born 1970) Brian Stablein
20%
Wrestler (born 2001) Carter Starocci
20%
Football Player (born 1974) Clifton Crosby
20%
Baseball Player (1935-2022) Dave Wickersham
20%
Florida Attorney General & Tallahassee Mayor (1815-1871) David P. Hogue
20%
Baseball Player (1861-1904) Dell Darling
20%
Boxing Promoter (1931-2025) Don Elbaum
20%
Magician (born 1948) Dorothy Dietrich
20%
Baseball Player (1918-1981) Eddie Klep
20%
Athletic Trainer (1933-2022) Edward Abramoski
20%
U.S. Representative (1795-1887) Elijah Babbitt
20%
Soccer Player (born 2002) Emily Yaple
20%
Baseball Player (born 1969) Eric Helfand
20%
Basketball Player (born 1955) Essie Hollis
20%
Football Player (1919-1996) Frank Liebel
20%
Diver & Diving Coach (1926-2022) Hobie Billingsley
20%
Poet (1937-2006) Hugh Ogden
20%
Baseball Player (born 1995) Isaac Mattson
20%
Football Player (1935-2017) Jack Laraway
20%
U.S. Representative (1920-2003) James D. Weaver
20%
Saxophonist (1930-2001) Jay Migliori
20%
Wrestler (1955-2013) Jimmy Carr
20%
Business Executive (born 1957-1958) John Riccitiello
20%
Gymnast (born 2004) Joshua Karnes
20%
Football Player (born 2000) Juice Scruggs
20%
Hockey Player (born 1987) Justin Mercier
20%
Basketball Player (born 1992) Kayla McBride
20%
Actress & Model (1890-1927) Kay Laurell
20%
Actress (1916-1983) Kay Williams
20%
Actor (born 1996) Kurt Doss
20%
Football & Basketball Coach (1903-1970) Lewis Manly
20%
Baseball Player (1865-1926) Lou Bierbauer
20%
Benedictine Nun (1941-2023) Mary Lou Kownacki
20%
U.S. Representative & Mayor (1870-1927) Michael Liebel Jr.
20%
Football Player (born 1948) Mike McCoy
20%
Microbiologist (born 1926) Millicent Goldschmidt
20%
U.S. Representative (1858-1939) Milton W. Shreve
20%
Wrestler (born 1960) Nathaniel Carr
20%
Actress & Dancer (1922-2014) Patty Thomas
20%
Astronaut & Naval Officer (1932-2017) Paul J. Weitz
20%
Air Force General (1921-2009) Paul K. Carlton
20%
Composer (1923-1983) Peter Mennin
20%
Air Force & Army Air Corps Officer (1910-1979) Philip Cochran
20%
Professional Wrestler (born 1991) Pretty Smooth Boy
20%
Visual Artist (1930-2020) Richard Anuszkiewicz
20%
Ice Hockey Player (born 1954) Rick Chartraw
20%
Cinematographer (born 1951) Robert Yeoman
20%
Ice Hockey Player & Coach (born 1986) Ryan Zapolski
20%
Missouri Senator (1862-1925) Selden P. Spencer
20%
Football & Basketball Coach (1910-1977) Stu Holcomb
20%
Baseball Player (born 1987) Tim Federowicz
20%
Ballet Master (born 1966) Tina LeBlanc
20%
Author & Editor (1955-2021) Tom Flynn
20%
Baseball Player & Manager (born 1956) Tom Lawless
20%
Sound Engineer (born 1948) Tommy Vicari
20%
Football Player (1952-2024) Woody Thompson
20%
Football Player (born 1967) Charlie Baumann
0%
Basketball Coach & Executive (born 1968) Curt Miller
0%
Military Strategist & Air Force Fighter Pilot (1927-1997) John Byrd
0%
No matching quizzes found
Score Distribution
Percent of People with Each Score
Percentile by Number Answered
Your Score History
You have not taken this quiz